która część ciała małego dziecka dzieli swoją nazwę z czymś innym? - Statystyki

Ogólne statystyki
  • Ten quiz został rozwiązany 4 razy
  • Średni wynik to 3 z 6
Statystyki odpowiedzi
Hint Odpowiedź % Poprawnych
1. Główka
100%
3. Kolanko
100%
6. Oczka
67%
2. Ząbki
33%
5. Nóżki
0%
4. Rączki
0%
Nie znaleziono quizów pasujących do podanych kryteriów
Rozkład punktacji
Procent ludzi z każdym wynikiem
Percentyl według liczby udzielonych odpowiedzi
Twoja historia wyników
Nie rozwiązałeś tego quizu